000 018840000a22002170004500
020 _a84-7228-783-1
041 0 _aSPA
082 0 4 _aG 173 D6351e
100 1 _aDobson, James C. (1936-)
245 1 0 _aEnciclopedia de problemas familiares / James Dobson ; Samiel Vila, Traductor
260 _aTerrassa, Barcelona, España : CLIE
300 _a428 Pag.
500 _aTítulo original : Dr. Dobson answers your questions
505 0 0 _aLa vida en familia -- la educación espiritual de los niños -- la educación de los niños -- los problemas en el proceso de aprendizaje de los niños -- la educación sexual en el hogar y en la escuela -- la disciplina de los niños(primera y segunda infancia) -- comprendiendo el papel de la disciplina -- cómo disciplinar -- castigo corporal: cuándo, cómo y por qué -- las fuentes de la estimación propia en los niños -- exceso de protección por parte de los niños-- la rivalidad entre hermanos -- enseñando a los niños a obrara de modo responsable -- niños hiperactivos -- enfrentándose con el adolescente -- preguntas de los adolescentes -- la autoestima en el adulto -- una perspectiva cristiana de ira -- amor romántico -- conflictos en el matrimonio -- el ama de casa -- la depresión en la mujer -- entendiendo la tensión premenstrual -- haciendo frente a la menopausia -- varón y hembra, distintos y únicos -- el significado de las masculinidad -- la sexualidad del adulto -- la homosexualidad -- la televisión y la violencia -- comprendiendo la culpa -- interpretación de las impresiones -- la mitad de la vida y más allá -- el Dr.Dobson habla sobre las familias
650 1 4 _aCRIANZA DE NIÑOS - ESTADOS UNIDOS \ FAMILIA - VIDA RELIGIOSA \ CONDUCTA (ETICA)
001 1227
942 _cBK
999 _c32550
_d32550
336 _atexto
_btxt
_2rdacontent
337 _2rdamedia
_asin mediación
_bn
338 _2rdacarrier
_avolumen
_bnc